000043962 001__ 43962
000043962 005__ 20260201180739.0
000043962 022__ $$2(DE-600)2376367-X$$a0326-2383
000043962 022__ $$a0326-2383$$l2362-3853
000043962 022__ $$a2362-3853
000043962 0247_ $$2ZDBID$$aPERI:(DE-600)2614450-5
000043962 0247_ $$2ZDBPPN$$aZDPPN:1012922340
000043962 0247_ $$2EZBID$$aPERI:(DE-606)165455
000043962 0247_ $$2EZBID$$aPERI:(DE-606)230929
000043962 0247_ $$2OCLC$$aOCLC:1366407719
000043962 0247_ $$2ISI$$aWOS:LATIN AMERICAN JOURNAL OF PHARMACY
000043962 0247_ $$2JCR$$aJCR:LAT AM J PHARM
000043962 035__ $$aPERI:(DE-600)2614450-5
000043962 040__ $$a0084$$bger$$cDE-101$$dJOIN²$$eJOIN² journal identification
000043962 041__ $$aspa
000043962 044__ $$cXD-AR
000043962 082__ $$222sdnb$$a610$$qDE-600
000043962 08274 $$222sdnb$$a610$$qDE-600
000043962 2100_ $$2DE-600$$aLat. Am. J. Pharm.
000043962 24220 $$2DE-600$$aLatin American journal of pharmacy$$cpublicación científica del Colegio de Farmacéuticos de la Provincia de Buenos Aires, Argentinia$$yen
000043962 24220 $$2DE-600$$aLatin American journal of pharmacy$$cpublicación científica del Colegio de Farmacéuticos de la Provincia de Buenos Aires, Argentinia
000043962 245__ $$2DE-600$$aLatin American journal of pharmacy$$cpublicación científica del Colegio de Farmacéuticos de la Provincia de Buenos Aires, Argentinia$$honline, print
000043962 2463_ $$2DE-600$$aLatin American journal of pharmacy
000043962 2463_ $$aActa farmacéutica bonaerense
000043962 2463_ $$aLatin American journal of pharmacy
000043962 260__ $$aLa Plata$$bSoc.$$c2007-
000043962 26431 $$aLa Plata$$bSoc.$$c2007-
000043962 3620_ $$2DE-600$$a26.2007 -
000043962 36301 $$2DE-600$$81.1\x$$a26$$i2007
000043962 380__ $$2marcgt$$ajournal
000043962 500__ $$aAutomatically generated record. (Updated: 2025-11-05)
000043962 65310 $$2EZB-Subject$$aChemistry and Pharmacology
000043962 65310 $$2EZB-Keyword$$aPharmazie
000043962 7102_ $$0(DE-101)960777792$$2gnd$$4isb$$aColegio de Farmacéuticos de la Provincia de Buenos Aires$$eHerausgebendes Organ
000043962 77608 $$2DE-600$$dLa Plata : Soc., 2007-2019$$iErscheint auch als$$nDruck-Ausgabe$$tLatin American journal of pharmacy$$w(DE-600)2376367-X$$x0326-2383
000043962 78000 $$2DE-600$$dLa Plata : Soc., 2007-2019$$iVorg.:$$tLatin American journal of pharmacy$$w(DE-600)2376367-X$$x0326-2383
000043962 78000 $$2DE-600$$dLa Plata : [Verlag nicht ermittelbar], 1982-2006$$hOnline-Ressource$$iVorg.:$$tActa farmacéutica bonaerense$$w(DE-600)2614448-7
000043962 8564_ $$d0$$uhttp://latamjpharm.org/last.php$$yVerlag
000043962 8564_ $$d0$$uhttp://www.latamjpharm.org/previous.php$$yJournal homepage
000043962 8564_ $$d0$$uhttps://ezb.ur.de/?2614450-5$$yEZB
000043962 8801_ $$2DE-600$$aLatin American journal of pharmacy$$cpublicación científica del Colegio de Farmacéuticos de la Provincia de Buenos Aires, Argentinia
000043962 909CO $$ooai:juser.fz-juelich.de:91696$$pauthority$$pauthority:PERI
000043962 909CO $$ooai:juser.fz-juelich.de:91696
000043962 915__ $$0StatID:(DE-HGF)0199$$2StatID$$aDBCoverage$$bClarivate Analytics Master Journal List$$d2025-11-05
000043962 915__ $$0StatID:(DE-HGF)1190$$2StatID$$aDBCoverage$$bBiological Abstracts$$d2025-11-05
000043962 915__ $$0StatID:(DE-HGF)1050$$2StatID$$aDBCoverage$$bBIOSIS Previews$$d2025-11-05
000043962 915__ $$0StatID:(DE-HGF)0100$$2StatID$$aJCR$$bLAT AM J PHARM : 2022$$d2025-11-05
000043962 915__ $$0StatID:(DE-HGF)9900$$2StatID$$aIF < 5$$d2025-11-05
000043962 980__ $$aPERI
000043962 980__ $$aAUTHORITY